| 000 | 00783nam a2200217 a 4500 | ||
|---|---|---|---|
| 001 | BRCA_1297 | ||
| 005 | 20190320203350.0 | ||
| 008 | 230508s2002----sp-a---###---#000-0#spa-# | ||
| 020 | _a8489104476 | ||
| 050 | 4 |
_aNB1910 _b.A43 2002 |
|
| 100 | 1 |
_aAmador Marrero, Pablo F. _94243 |
|
| 245 | 1 | 0 |
_aTraza española, ropaje indiano _bel Cristo de Telde y la imaginería en caña de maíz _cPablo F. Amador Marrero. |
| 260 |
_a[Canarias] _bM.I. Ayuntamiento de Telde _c2002 |
||
| 300 |
_a144 p. _bil. _c28 cm. |
||
| 504 | _aBibliografía: p. 141-144 | ||
| 600 | 1 | 4 |
_aFray Matías de Escobar _d1668-1748 _94244 |
| 650 | 1 | 4 |
_aCristos de caña de maíz _xTécnicas y materiales _94245 |
| 650 | 1 | 4 |
_aEscultura _yColonia, 1540-1810 _zNueva España _94246 |
| 653 | 0 | _aPasta de caña | |
| 942 |
_2lcc _cB |
||
| 999 |
_c1163 _d1163 |
||